| 000 | 01158naa a22003257a 4500 | ||
|---|---|---|---|
| 001 | BR8304834 | ||
| 003 | BR-BrBNA | ||
| 005 | 20240918175325.0 | ||
| 007 | ta | ||
| 008 | 230509b bl.||||| |||| 00| 0 por d | ||
| 040 |
_aBR-BrBNA _bpor _cBiblioteca Nacional de Agricultura |
||
| 041 | _a(Pt) | ||
| 072 |
_aF25; H50 _b2120 _b3830 |
||
| 090 | _aF25 BR8304834 | ||
| 100 | 1 | _aMatiello, J.B. | |
| 100 | 1 | _aAlmeida, S.R. | |
| 100 | 1 | _aCorrea, S.R. | |
| 100 | 1 | _aPinheiro, M.R. | |
| 111 | 1 |
_a10. Congresso Brasileiro de Pesquisas Cafeeiras _cPocos de Caldas, MG (Brazil) _d29 Aug 1983 |
|
| 245 | 1 | _aNovas observacoes sobre ocorrencia de deficiencia de fosforo em cafezais | |
| 260 | 3 |
_aRio de Janeiro, RJ (Brasil): _c1983. |
|
| 500 | _aAnais do 10. Congresso Brasileiro de Pesquisas Cafeeiras Rio de Janeiro, RJ (Brasil): 1983. p. 35 (BR8304834-AM)F25 | ||
| 650 | _aDEFICIENCIA MINERAL | ||
| 650 | _aCAFE | ||
| 650 | _aADUBACAO | ||
| 650 | _aFOSFORO | ||
| 773 | 0 |
_tAnais do 10. Congresso Brasileiro de Pesquisas Cafeeiras _wF25 BR8304834 _gRio de Janeiro, RJ (Brasil), 1983. p. 35 |
|
| 909 |
_a202404 _bLucia _c55 _dLucia Elande |
||
| 942 |
_cAM _2AGRIS |
||
| 999 |
_c316149 _d316149 |
||